Analýza priorít Operačného programu ŽP na roky 2007-2010 diplomová práca

Salvato in:
Dettagli Bibliografici
Autore principale: Halušicová, Radka
Ente Autore: Národohospodárska fakulta EU. Katedra verejnej správy a regionálneho rozvoja
Altri autori: Mišúnová, Ema
Natura: Libro
Lingua:slovacco
Pubblicazione: Bratislava 2010
Tags: Aggiungi Tag
Nessun Tag, puoi essere il primo ad aggiungerne!!

MARC

LEADER 00000nam$a2200000$$$4500
001 0120821
005 20240318121743.7
041 0 |a slo 
044 |a SK 
245 1 0 |a Analýza priorít Operačného programu ŽP na roky 2007-2010  |b diplomová práca  |c Radka Halušicová ; škol. Ema Mišúnová 
264 1 |a Bratislava  |c 2010 
300 |a 85 s. 
100 1 |a Halušicová, Radka 
700 1 |a Mišúnová, Ema 
710 2 |a Národohospodárska fakulta EU. Katedra verejnej správy a regionálneho rozvoja